000
00309nam a2200133Ia 4500
008
210312s9999||||xx |||||||||||||| ||und||
041
_a
osm
050
_a
DR590
050
_b
I44
100
_a
Celal Nuri İleri
245
0
_a
Türk inkilabı
260
_c
1926
650
_a
Tarih--Türkiye--Devrim, 1918-1923
999
_c
22138
_d
22138